|
|
|
|
| LEADER |
00000nab a2200000uu 4500 |
| 001 |
vtls011135967 |
| 003 |
SK-MaSNL |
| 005 |
20260305005254.0 |
| 008 |
230218|2006 xo |||||||||||||||||cze| |
| 015 |
|
|
|a SNBRB
|
| 035 |
|
|
|a (urnnbn)urn:nbn:sk:snk:ar-007p68
|
| 035 |
|
|
|a (uuid)969627e1-440e-45bc-b567-3a22de59d5a2
|
| 035 |
|
|
|a urn:nbn:sk:snk-abaoxc
|
| 040 |
|
|
|a SNKBUCL
|b slo
|c SNKBUCL
|e AACR2
|
| 041 |
0 |
|
|a cze
|
| 044 |
|
|
|a xo
|c SK
|
| 100 |
1 |
|
|a Vyplašilová, E.
|4 aut
|9 1583938
|
| 245 |
1 |
0 |
|a Změny transparence čočky u dětí, mladistvých a mladých dospělých s diabetes mellitus 1. typu
|c E. Vyplašilová, J. Krásný, J. Lebl, J. Madunický, L. Dittertová, L. Trešlová, M. Anděl, R. Brunnerová, Š. Průhová, Z. Domínek
|
| 700 |
1 |
|
|a Krásný, J.
|4 aut
|9 1008313
|
| 700 |
1 |
|
|a Lebl, Jan,
|d 1955-
|4 aut
|9 88347
|
| 700 |
1 |
|
|a Madunický, J.
|4 aut
|9 1146784
|
| 700 |
1 |
|
|a Dittertová, L.
|4 aut
|9 1583931
|
| 700 |
1 |
|
|a Trešlová, L.
|4 aut
|9 1387738
|
| 700 |
1 |
|
|a Anděl, M.
|4 aut
|9 792644
|
| 700 |
1 |
|
|a Brunnerová, R.
|4 aut
|9 1143659
|
| 700 |
1 |
|
|a Průhová, Š.
|4 aut
|9 1583922
|
| 700 |
1 |
|
|a Domínek, Z.
|4 aut
|9 1583939
|
| 773 |
0 |
|
|t Česká a slovenská oftalmologie : časopis České oftalmologické společnosti a Slovenské oftalmologické společnosti
|g Roč. 62, č. 5 (2006), s. 304-314
|
| 954 |
|
|
|a odborná, vedecká literatúra cudzojazyčná (svetová)
|2 lita
|
| 958 |
|
|
|a OND
|
| 958 |
|
|
|a EUIPO
|
| 958 |
|
|
|a article14
|
| 999 |
|
|
|c 3239536
|d 3241466
|